[Event "Challenge"]
[Site "http://www.queenalice.com/game.php?id=1059786"]
[Date "2012.5.15"]
[Round "-"]
[White "carloscolangelo"]
[Black "marcelohr"]
[Result "0-1"]
[WhiteElo "1544"]
[BlackElo "1560"]

1. e4 e5 2. Nf3 f5 3. d3 Bc5 4. Bg5 Nf6 5. Nxe5 d6 6. Nc4 h6 7. Bh4 Nc6 8. exf5
Bxf5 9. Bxf6 Qxf6 10. Be2 Bxf2+ 11. Kxf2 Qh4+ 12. g3 Qd4+ 13. Ne3 Rf8 14. h3 Ne5
15. c3 Bxd3+ 16. Ke1 Qxe3 17. Rh2 Nf3+ 18. Kf1 Nxh2+ 19. Ke1 Rf1# 0-1

[Event "Challenge"]
[Site "http://www.queenalice.com/game.php?id=1059787"]
[Date "2012.5.15"]
[Round "-"]
[White "marcelohr"]
[Black "carloscolangelo"]
[Result "0-1"]
[WhiteElo "1575"]
[BlackElo "1529"]

1. d4 e6 2. e4 Ne7 3. Nc3 d5 4. e5 Nbc6 5. h3 Nf5 6. Be3 Bb4 7. Qd3 Ba5 8. O-O-O
Nxe3 9. Qxe3 Bxc3 10. Qxc3 Qg5+ 11. Kb1 Qf5 12. f3 O-O 13. g4 Qg6 14. Bb5 Bd7
15. Qb3 a6 16. Bd3 Qh6 17. Qxb7 Nxd4 18. Qxc7 Rad8 19. Bxa6 Bc6 20. Rxd4 Qe3 21.
Rd3 Qe1+ 22. Rd1 Qxd1# 0-1

[Event "Challenge"]
[Site "http://www.queenalice.com/game.php?id=1060034"]
[Date "2012.5.15"]
[Round "-"]
[White "flmendel"]
[Black "carloscolangelo"]
[Result "1-0"]
[WhiteElo "1469"]
[BlackElo "1509"]

1. d4 d5 2. Nc3 Nf6 3. e4 Nxe4 4. Nxe4 dxe4 5. d5 c6 6. Bc4 b5 7. dxc6 Nxc6 8.
Qxd8+ Nxd8 9. Bxb5+ Bd7 10. Bxd7+ Kxd7 11. Bf4 Ne6 12. O-O-O+ Ke8 13. Be5 Ng5
14. Bc7 e6 15. Nh3 Be7 16. Kb1 Rc8 17. Ba5 Rb8 18. Bd2 Ba3 19. Nxg5 Rxb2+ 20.
Ka1 Rxc2 21. Nxe4 Ke7 22. Nc3 Rb8 23. f4 Bd6 24. g3 f6 25. Rhe1 g5 26. Nd5+ Kd7
27. Nxf6+ Ke7 28. Nxh7 gxf4 29. Ng5 Kf6 30. Nxe6 Be5+ 31. Rxe5 Kxe5 32. Nxf4
Rbb2 33. Nd3+ 1-0

[Event "Challenge"]
[Site "http://www.queenalice.com/game.php?id=1060036"]
[Date "2012.5.15"]
[Round "-"]
[White "carloscolangelo"]
[Black "flmendel"]
[Result "0-1"]
[WhiteElo "1537"]
[BlackElo "1449"]

1. e4 c6 2. Bc4 Nf6 3. Nf3 d5 4. exd5 cxd5 5. Bb3 Ne4 6. d3 Nc5 7. Nd4 Nxb3 8.
Nxb3 d4 9. N1d2 e5 10. O-O Qg5 11. Nf3 Qf5 12. Re1 Bd6 13. Nfxd4 Qf6 14. c4 O-O
15. Nb5 a5 16. a4 Bb4 17. Bd2 Na6 18. Bxb4 Nxb4 19. Nc7 Ra7 20. Nd5 Nxd5 21.
cxd5 Ra6 22. Nc5 Rd6 23. Ne4 Qe7 24. Nxd6 Qxd6 25. Qf3 b6 26. Re3 Bb7 27. Qg4
Qxd5 28. Rg3 g6 29. Qh4 Qb3 30. Rh3 h5 31. Rg3 Qxb2 32. Qxh5 Qxa1+ 33. Qd1 Qxd1#
0-1

[Event "Challenge"]
[Site "http://www.queenalice.com/game.php?id=1060232"]
[Date "2012.5.16"]
[Round "-"]
[White "Mr_SPOCK"]
[Black "carloscolangelo"]
[Result "1-0"]
[WhiteElo "1700"]
[BlackElo "1547"]

1. e4 e5 2. Nf3 Nc6 3. Bc4 Nh6 4. d3 g6 5. Bg5 f6 6. Bh4 g5 7. Bg3 g4 8. Nh4 a6
9. Bd5 Nd4 10. Nf5 Nhxf5 11. exf5 Nxf5 12. Qxg4 d6 13. Qh5+ Ke7 14. Qf7# 1-0

[Event ";)"]
[Site "http://www.queenalice.com/game.php?id=1062581"]
[Date "2012.5.22"]
[Round "-"]
[White "carloscolangelo"]
[Black "Mr_SPOCK"]
[Result "0-1"]
[WhiteElo "1516"]
[BlackElo "1653"]

1. e4 e5 2. Nf3 Nc6 3. Bc4 Nf6 4. Nc3 Bc5 5. Ng5 O-O 6. a3 d6 7. b4 Bd4 8. Nb5
Bg4 9. Nf3 Nxe4 10. O-O Qf6 11. c3 Bb6 12. d3 Bxf3 13. Qxf3 Qg6 14. dxe4 a6 15.
Nxd6 Nd8 16. Nxb7 Nxb7 17. Bd5 c6 18. Bxc6 Qxc6 19. Qg3 a5 20. bxa5 Nxa5 21. Ra2
Qxe4 22. Bh6 g6 23. Bxf8 Rxf8 24. Raa1 f6 25. Rfe1 Qc2 26. Red1 f5 27. Qxe5
Qxf2+ 28. Kh1 h5 29. Rd7 Rf7 30. Qe8+ Kh7 31. Qxf7+ Kh6 32. Qxg6+ Kxg6 33. Rd6+
Kg5 34. Rb1 Nc4 35. Rc6 Bc5 36. Re6 Ne3 37. Rg1 Ng4 38. h3 Qxg1# 0-1

[Event "Challenge"]
[Site "http://www.queenalice.com/game.php?id=1065695"]
[Date "2012.5.29"]
[Round "-"]
[White "Rogerio11"]
[Black "carloscolangelo"]
[Result "0-1"]
[WhiteElo "1258"]
[BlackElo "1510"]

1. e4 e5 2. Bc4 Nf6 3. c3 Bc5 4. b4 Bb6 5. d4 Nxe4 6. Qf3 Nd6 7. Bd5 O-O 8. a4
a6 9. dxe5 Qe7 10. Bf4 c6 11. a5 Ba7 12. Bb3 c5 13. Nh3 Nf5 14. O-O Nh4 15. Qh5
cxb4 16. cxb4 Qxb4 17. Ra3 Qe4 18. Qxh4 Nc6 19. Nc3 Qb4 20. Nb1 Nd4 21. Bd5 Ne2+
22. Kh1 Nd4 23. Be4 Nc2 24. Bxh7+ Kh8 25. Bxc2+ Kg8 26. e6 fxe6 27. Qh5 Qc4 28.
Bh7+ Kh8 29. Rg3 Qxf1+ 30. Ng1 Bxf2 31. Rxg7 Qxg1# 0-1

[Event "Kraj's Challenge"]
[Site "http://www.queenalice.com/game.php?id=1068009"]
[Date "2012.6.4"]
[Round "-"]
[White "Krajnicov"]
[Black "carloscolangelo"]
[Result "1-0"]
[WhiteElo "1319"]
[BlackElo "1505"]

1. e4 e5 2. Nf3 Nc6 3. c3 Bc5 4. Bc4 Nf6 5. Qe2 Ng4 6. g3 Nxf2 7. Rf1 Ng4 8. Nh4
a6 9. Qxg4 d6 10. Qxg7 Rf8 11. Bxf7+ Ke7 12. Bd5+ Ke8 13. Rxf8# 1-0

[Event "Kraj's Challenge"]
[Site "http://www.queenalice.com/game.php?id=1068011"]
[Date "2012.6.4"]
[Round "-"]
[White "carloscolangelo"]
[Black "Krajnicov"]
[Result "1-0"]
[WhiteElo "1462"]
[BlackElo "1376"]

1. e4 e5 2. Nf3 f6 3. Bc4 Nh6 4. d4 c6 5. dxe5 b5 6. Bb3 a5 7. a3 a4 8. Ba2 Qa5+
9. Bd2 Qc7 10. exf6 gxf6 11. e5 fxe5 12. Bf4 exf4 13. O-O d5 14. Re1+ Kf7 15.
Ne5+ Kg7 16. Qd4 Kg8 17. Qxf4 Bg7 18. Qg3 Qe7 19. Nc3 Nf5 20. Qg4 h5 21. Qg6 Rh6
22. Nxc6 Qh4 23. Bxd5+ Kh8 24. Re8+ Bf8 25. Qg8# 1-0

[Event ":))"]
[Site "http://www.queenalice.com/game.php?id=1069081"]
[Date "2012.6.7"]
[Round "-"]
[White "Mr_SPOCK"]
[Black "carloscolangelo"]
[Result "1-0"]
[WhiteElo "1576"]
[BlackElo "1469"]

1. e4 e5 2. Nf3 Nc6 3. Bc4 Nh6 4. Nc3 Bc5 5. d3 Ng4 6. Be3 Bxe3 7. fxe3 d6 8. h4
Nxe3 9. Bxf7+ Kxf7 10. Ng5+ Kg8 11. Qf3 Qe7 12. Qxe3 h6 13. Nf3 Nb4 14. O-O-O
Bg4 15. a3 Nc6 16. Nd5 Qf7 17. Rdf1 Ne7 18. Nh2 Qh5 19. Rf6 Nxd5 20. exd5 gxf6
21. Nxg4 Qxg4 22. Rh3 Qf4 23. Rg3+ Kh7 24. Qxf4 exf4 25. Rg4 h5 26. Rxf4 Raf8
27. Rf5 Kh6 28. Kd2 Rhg8 29. Rf2 Rg4 30. c4 Rxh4 31. Kc3 1-0

[Event "Challenge"]
[Site "http://www.queenalice.com/game.php?id=1087633"]
[Date "2012.7.28"]
[Round "-"]
[White "plot24"]
[Black "carloscolangelo"]
[Result "1-0"]
[WhiteElo "1753"]
[BlackElo "1457"]

1. d4 e6 2. c4 c5 3. Nf3 cxd4 4. Nxd4 Bc5 5. Nb3 Bb6 6. e4 Nf6 7. Nc3 d5 8. cxd5
exd5 9. Bb5+ Bd7 10. Bxd7+ Qxd7 11. exd5 Ng4 12. O-O Qf5 13. Qe2+ Ne5 14. Be3
Nbd7 15. Bxb6 Nxb6 16. f4 O-O 17. fxe5 Qg6 18. Rae1 Rad8 19. d6 Nd7 20. Nd5 Rfe8
21. Ne7+ Rxe7 22. dxe7 Re8 23. Rxf7 Qxf7 24. e6 Qxe7 25. exd7 Qxd7 26. Qxe8+
Qxe8 27. Rxe8+ Kf7 28. Rc8 1-0

[Event "19th"]
[Site "http://www.queenalice.com/game.php?id=1112784"]
[Date "2012.10.15"]
[Round "1"]
[White "carloscolangelo"]
[Black "AuntieRenie"]
[Result "1-0"]
[WhiteElo "1453"]
[BlackElo "1496"]

1. e4 d6 2. Bc4 Nf6 3. Nc3 Nc6 4. Nf3 e6 5. d3 Ne7 6. O-O d5 7. exd5 Nexd5 8.
Ne5 b6 9. Re1 Bb7 10. Bg5 Be7 11. Bxf6 Bxf6 12. Ne4 Bxe5 13. Rb1 c6 14. g3 O-O
15. h4 Nf6 16. c3 b5 17. Bb3 Qc8 18. d4 Bc7 19. c4 Ba5 20. Re2 Nd7 21. cxb5 Bb6
22. Nd6 Qc7 23. Ne4 cxb5 24. Rc1 Bc6 25. Rec2 Nb8 26. Qh5 Bxe4 27. Rxc7 Bxc7 28.
Rxc7 Bg6 29. Qf3 Na6 30. Rb7 Rfd8 31. Rxb5 Nc7 32. Rb7 1-0

[Event "Challenge"]
[Site "http://www.queenalice.com/game.php?id=1114251"]
[Date "2012.10.20"]
[Round "-"]
[White "princesher"]
[Black "carloscolangelo"]
[Result "1-0"]
[WhiteElo "1284"]
[BlackElo "1453"]

1. e4 e5 2. Nf3 Nc6 3. c3 Nf6 4. Bd3 Bc5 5. b4 Bb6 6. h3 O-O 7. b5 Na5 8. Nxe5
d6 9. Nf3 d5 10. e5 Nd7 11. O-O Re8 12. Re1 c6 13. bxc6 bxc6 14. g4 Bc7 15. Qc2
Nxe5 16. Bxh7+ Kf8 17. Ba3+ Bd6 18. Bxd6+ Qxd6 19. Nxe5 Rxe5 20. Rxe5 Qxe5 21.
Na3 Bb7 22. d4 Qg5 23. Bd3 Qh4 24. Bf1 Re8 25. Qb2 Nc4 26. Nxc4 dxc4 27. Qxb7
Re6 28. Qb8+ Ke7 29. Qxa7+ Kf6 30. Qc5 g5 31. Qxc4 Kg7 32. a4 Rf6 33. Ra2 Qh7
34. Bd3 Qxh3 35. Bf5 Qf3 36. a5 Qd1+ 37. Qf1 Qb3 38. Qa1 Rd6 39. a6 c5 40. Rd2
Qb6 41. a7 Rd8 42. a8=Q Rxa8 43. Qxa8 cxd4 44. Rxd4 Qc5 45. Rd8 Qxc3 46. Rg8+
Kf6 47. Qd8+ Ke5 48. Re8+ Kf4 49. Re4+ Kf3 50. Qd1# 1-0

[Event "19th"]
[Site "http://www.queenalice.com/game.php?id=1117774"]
[Date "2012.10.31"]
[Round "2"]
[White "phystutordotcom"]
[Black "carloscolangelo"]
[Result "1-0"]
[WhiteElo "2304"]
[BlackElo "1471"]

1. Nf3 Nc6 2. d4 d5 3. g3 Bf5 4. Bg2 Nb4 5. Na3 e6 6. c3 Nc6 7. Nc2 Nf6 8. O-O
g6 9. Nh4 Bg7 10. h3 O-O 11. Ne3 Ne7 12. g4 Be4 13. f3 g5 14. fxe4 gxh4 15. exd5
exd5 16. Nf5 Nxf5 17. Rxf5 b6 18. Bg5 h6 19. Bxh4 c5 20. Qf1 cxd4 21. cxd4 Rc8
22. Bxf6 Bxf6 23. Rxf6 Kg7 24. Qf4 Rc7 25. Qxh6+ Kg8 26. Qg5+ Kh7 27. Rh6# 1-0

[Event "20th "]
[Site "http://www.queenalice.com/game.php?id=1119426"]
[Date "2012.11.6"]
[Round "1"]
[White "carloscolangelo"]
[Black "Sonia"]
[Result "1-0"]
[WhiteElo "1469"]
[BlackElo "1587"]

1. e4 e5 2. Nf3 Nc6 3. Bc4 Qf6 4. d3 h6 5. Nc3 a6 6. Nd5 Qd8 7. c3 Nf6 8. a4 Na7
9. Nxe5 Be7 10. Nxf6+ Bxf6 11. Nxf7 Qe7 12. Nxh8 1-0

[Event "Challenge"]
[Site "http://www.queenalice.com/game.php?id=1119507"]
[Date "2012.11.6"]
[Round "-"]
[White "carloscolangelo"]
[Black "vickfa"]
[Result "1-0"]
[WhiteElo "1490"]
[BlackElo "1331"]

1. e4 c5 2. Nc3 e6 3. Bc4 Nc6 4. Nf3 a6 5. d3 Nd4 6. Be3 Nxf3+ 7. Qxf3 b5 8. Bb3
c4 9. dxc4 bxc4 10. Bxc4 Nh6 11. Bxh6 gxh6 12. e5 d5 13. Bb3 Bb7 14. Na4 Bb4+
15. c3 Ba5 16. Nc5 Bc6 17. O-O Bb6 18. Nd3 Qd7 19. Nb4 Bb5 20. Rfd1 a5 21. Nd3
a4 22. Bc2 Bc6 23. Nb4 Bxf2+ 24. Qxf2 Bb7 25. Qf6 Rf8 26. Qxh6 O-O-O 27. Qxh7 f6
28. Qxd7+ Rxd7 29. exf6 Rxf6 30. g4 Rg7 31. h3 Kc7 32. Bxa4 Kd6 33. Rd4 Bc6 34.
Nxc6 Rf3 35. Kg2 Kc5 36. Kxf3 e5 37. Nxe5 1-0

[Event "20th "]
[Site "http://www.queenalice.com/game.php?id=1126025"]
[Date "2012.11.26"]
[Round "2"]
[White "phystutordotcom"]
[Black "carloscolangelo"]
[Result "1-0"]
[WhiteElo "2135"]
[BlackElo "1500"]

1. Nf3 Nc6 2. d4 d5 3. g3 Bf5 4. Bg2 Nb4 5. Na3 Nc6 6. b3 e6 7. c3 Bd6 8. Nb5 a6
9. Nxd6+ Qxd6 10. O-O e5 11. dxe5 Nxe5 12. Nxe5 Qxe5 13. Qxd5 Qxd5 14. Bxd5 c6
15. Bg2 Nf6 16. Bb2 Ne4 17. f3 Nd6 18. e4 Be6 19. Rad1 Rd8 20. Rf2 O-O 21. Rfd2
Rd7 22. Rxd6 Rxd6 23. Rxd6 Re8 24. c4 f5 25. e5 Re7 26. Ba3 Re8 27. f4 Bf7 28.
Rd7 Rb8 29. Bd6 Re8 30. Rxb7 Ra8 31. Bxc6 Rc8 32. Bd7 Rf8 33. Bxf8 Kxf8 34. Bxf5
g6 35. Be4 h6 36. Bd5 Be8 37. g4 g5 38. f5 h5 39. h3 hxg4 40. hxg4 a5 41. f6 Bg6
42. Rb8+ Be8 43. e6 a4 44. bxa4 Kg8 45. Be4 Kf8 46. Bf5 Kg8 47. Rxe8# 1-0